ბათუმის შოთა რუსთაველის სახელმწიფო უნივერსიტეტის ბიბლიოთეკა

ზოგადი გეოლოგია (ბიბ.ჩანაწერი № 44505)

000 -LEADER
fixed length control field 00787nam a2200229Ia 4500
001 - CONTROL NUMBER
control field 11303
003 - CONTROL NUMBER IDENTIFIER
control field GE_BSU
008 - FIXED-LENGTH DATA ELEMENTS--GENERAL INFORMATION
fixed length control field 181216s||||||||xx |||||||||||||| ||und||
040 ## - CATALOGING SOURCE
Transcribing agency GE_BSU
080 ## - UNIVERSAL DECIMAL CLASSIFICATION NUMBER
Universal Decimal Classification number 55(075.8)
100 ## - MAIN ENTRY--PERSONAL NAME
Personal name გუჯაბიძე გ.
245 ## - TITLE STATEMENT
Title ზოგადი გეოლოგია
245 ## - TITLE STATEMENT
Remainder of title სახელმძღვ. გეოლოგიის სპეც. სტუდენტებისათვის
245 ## - TITLE STATEMENT
Statement of responsibility, etc. რედ: ალ. ქებულაძე
260 ## - PUBLICATION, DISTRIBUTION, ETC.
Place of publication, distribution, etc. თბილისი
260 ## - PUBLICATION, DISTRIBUTION, ETC.
Name of publisher, distributor, etc. განათლება
260 ## - PUBLICATION, DISTRIBUTION, ETC.
Date of publication, distribution, etc. 1976
300 ## - PHYSICAL DESCRIPTION
Extent 389გვ.22სმ.
300 ## - PHYSICAL DESCRIPTION
Accompanying material ილ. საძიებლები გვ. 369–382
653 ## - INDEX TERM--UNCONTROLLED
Uncontrolled term ზოგადი გეოლოგია
942 ## - ADDED ENTRY ELEMENTS (KOHA)
Koha item type წიგნი
ეგზემპლარები
Withdrawn status Lost status Damaged status Not for loan Date acquired Barcode Date last seen Price effective from Koha item type
        2018-12-17 19706 2018-12-17 2018-12-17 წიგნი